000 00741nam a22002057a 4500
999 _c190816
_d190816
005 20220805123124.0
010 _aUR-11663
020 _a9789393785633
_c800.00
035 _aU-10218
037 _bDBAD/PUB
_a-
082 _a921
100 _aمحمود احمد عبّاسی
245 _aتز کرۃ الکرام /
_cمحمود احمد عبّاسی
_hا ر د و
246 _aTazkiratul Kiram /
_bby Mahmood Ahmed Abbasi ; ed. by Hakeem Sirajuddin Hashmi
260 _aNew Delhi
_bEducational Publishing House
_c2022 ء
270 _aH.O.D1/16, Ansari Road, Darya Ganj
_bNew Delhi
_e110002
300 _a468 ص
_c23cm(Hb)
700 _aحکیم سراج الد ین ہاشمی
942 _2ddc
_cUR
_h921
_mم ح م